Контурите на щатите в САЩ - Statistics

General Stats
  • This quiz has been taken 8 times
  • The average score is 23 of 50
Answer Stats
Picture Answer % Correct
Тексас
100%
Хаваи
100%
Вирджиния
75%
Флорида
75%
Невада
75%
Колорадо
63%
Калифорния
63%
Аляска
63%
Масачузетс
50%
Тенеси
50%
Кентъки
50%
Илинойс
50%
Минесота
50%
Мичиган
50%
Ню Йорк
50%
Айдахо
50%
Луизиана
50%
Оклахома
50%
Северна Каролина
50%
Уисконсин
50%
Мисисипи
50%
Мейн
50%
Мериланд
38%
Вашингтон
38%
Мисури
38%
Ню Мексико
38%
Вермонт
38%
Алабама
38%
Делауер
38%
Аризона
38%
Арканзас
38%
Индиана
38%
Роуд Айлънд
38%
Юта
38%
Канзас
38%
Южна Каролина
38%
Айова
38%
Ню Джърси
38%
Ню Хампшър
38%
Западна Вирджиния
38%
Джорджия
38%
Охайо
38%
Орегон
38%
Уайоминг
38%
Пенсилвания
25%
Монтана
25%
Южна Дакота
25%
Кънектикът
25%
Небраска
25%
Северна Дакота
25%
No matching quizzes found
Score Distribution
Percent of People with Each Score
Percentile by Number Answered
Your Score History
You have not taken this quiz